| 000 | 00824nam a22002057a 4500 | ||
|---|---|---|---|
| 999 |
_c11042 _d11042 |
||
| 003 | AR-CdUCM | ||
| 008 | 190402b ||||| |||| 00| 0 spa d | ||
| 040 |
_aMUNICIPALIDAD PROVINCIAL DEL CUSCO _cBIBLIOTECA MUNICIPAL DEL CUSCO |
||
| 082 |
_23ed _aES / 373.160 / _bE88 |
||
| 100 |
_aEspinoza Llanos, Nicéforo. _928171 |
||
| 245 |
_aPsicología : _bcuarto grado de secundaria / |
||
| 260 |
_aLima : _bEscuela Nueva, _c1995. |
||
| 300 |
_a221 páginas ; _bIlustraciones, _c20 cm. |
||
| 505 | _aContenido: Fundamentos científicos de la psicología -- Aspectos básicos del comportamiento humano -- Procesos cognitivos -- Los procesos afectivos y su influencia en el aprendizaje... | ||
| 650 |
_aPsicología _91538 |
||
| 650 |
_aTextos escolares _94527 |
||
| 650 |
_aAprendizaje _92143 |
||
| 942 |
_2ddc _cLIBROS |
||
| 945 | _adavv | ||